| 000 | 00689nam a2200217 i 4500 | ||
|---|---|---|---|
| 001 | 80693 | ||
| 003 | ES-MaACL | ||
| 005 | 20250824222446.0 | ||
| 007 | t| | ||
| 008 | 041029s1986 sp ||||1| spa d | ||
| 020 | _a84-7517-075-7 | ||
| 100 | 1 |
_aHölderlin, Friedrich. _964001 |
|
| 245 | 1 | 0 |
_aHiperión o El eremita en Grecia _b: novela / _cFriedrich Hölderlin ; traducción y prólogo de Jesús Munárriz. |
| 260 |
_aMadrid : _bHiperión, _c1986. |
||
| 300 |
_a210 p. ; _c20 cm. |
||
| 490 | 1 |
_aLibros Hiperión ; _v1 |
|
| 700 | 1 |
_aMunárriz, Jesús. _984170 |
|
| 830 | 0 | 0 |
_aLibros Hiperión _v1 _9178016 |
| 852 |
_aES-MaACL _jL-10858 _bR.112663 |
||
| 999 |
_c80693 _d80693 |
||